Investment casting : (Record no. 144602)

MARC details
000 -LEADER
fixed length control field 00550nam a22001817a 4500
010 ## - LCCN (DPL NO)
LC control number ENG-120672
020 ## - INTERNATIONAL STANDARD BOOK NUMBER
International Standard Book Number 9788186514832
Terms of availability 1200.00
035 ## - SYSTEM CONTROL NUMBER
System control number EN-104204
037 ## - SOURCE OF ACQUISITION
Source of stock number/acquisition DBAD/PUB
082 ## - DEWEY DECIMAL CLASSIFICATION NUMBER
Classification number 621.438
100 ## - MAIN ENTRY--PERSONAL NAME
Personal name Sriramamurthy, AM
245 ## - TITLE STATEMENT
Title Investment casting :
Statement of responsibility, etc by AM Sriramamurthy
Remainder of title a treasure trove /
260 ## - PUBLICATION, DISTRIBUTION, ETC. (IMPRINT)
Place of publication, distribution, etc New Delhi
Name of publisher, distributor, etc DRDO Monographs/Special Publication
Date of publication, distribution, etc 2015
270 ## - ADDRESS
Address Delhi
City Delhi
Postal code 110011
300 ## - PHYSICAL DESCRIPTION
Extent xxi,338p. :
Other physical details 24cm(Hb).
Dimensions ill.
500 ## - GENERAL NOTE
General note Include index
942 ## - ADDED ENTRY ELEMENTS (KOHA)
Source of classification or shelving scheme Dewey Decimal Classification
Item type English Books
Classification part 621.438
Call number suffix SRI
Holdings
Withdrawn status Lost status Not for loan Collection code Home library Current library Date acquired Source of acquisition Cost, normal purchase price Full call number Barcode Copy number Cost, replacement price Koha item type
      Non-fiction Patel Nagar Patel Nagar 14/09/2017 DBAD/PUB 1200.00 621.438 SRI EN-104204 1 1200.00 English Books

© Delhi Public Library
Hit Counter
free hit counter